| 000 | 00678nam a2200193 a 4500 | ||
|---|---|---|---|
| 001 | BRCA_7822 | ||
| 005 | 20190320210019.0 | ||
| 008 | 121112s2013----mx-a######---#000-0#spa-# | ||
| 041 | _aspa | ||
| 044 | _amx | ||
| 050 | 4 |
_aNK4031 _b.B54 6 2013 |
|
| 245 | 1 | 0 | _a6 [i.e. Sexta] Bienal de Cerámica Utilitaria. |
| 260 |
_aMéxico _bMuseArte : Museo Franz Mayer _c2013 |
||
| 300 |
_a58 p. _bil. a color _c22 cm. |
||
| 500 | _aIncluye biografías de los seleccionados | ||
| 500 | _aCatálogo de la exposición realizada en el Museo Franz Mayer (Ciudad de México), 11 octubre, 2013 - 12 enero, 2014 | ||
| 650 | 1 | 4 |
_aCerámica mexicana _vExposiciones _ySiglo XXI _919375 |
| 942 |
_2lcc _cB |
||
| 999 |
_c7496 _d7496 |
||